000
00292nam a22001337a 4500
008
170822b xxu||||| |||| 00| 0 eng d
020
_a
1439044360
041
_a
eng
080
_2
4 ED
_a
51
100
_a
37
101
_a
MAT
245
_a
INTERMEDIATE ALGEBRA
_c
TUSSY.G
942
_2
udc
_c
BK
999
_c
24483
_d
24483